[Event "ECU-ch U18 Girls"]
[Site "Riobamba"]
[Date "2023.04.12"]
[Round "2"]
[White "Jurado Grefa, Heidy Eliana"]
[Black "Guayano Tipan, Maria Jose"]
[Result "1-0"]
[WhiteElo "1453"]
[BlackElo "1013"]
[PlyCount "40"]
[EventDate "2023.04.12"]
[EventType "swiss"]
[EventRounds "9"]
[EventCountry "ECU"]
[SourceTitle "EXT 2024"]
[Source "ChessBase"]
[SourceDate "2023.10.10"]
[SourceVersion "1"]
[SourceVersionDate "2023.10.10"]
[SourceQuality "1"]

1. e4 c5 2. Nf3 d6 3. d4 cxd4 4. Nxd4 e5 5. Bb5+ Bd7 6. Bxd7+ Nxd7 7. Nf5 Nc5 8. Nc3 Nf6 9. Qe2 a6 10. 0-0 g6 11. Ng3 Bg7 12. Rd1 0-0 13. Qd2 Ne8 14. Nd5 Rc8 15. c3 Nd7 16. Qe2 Ndf6 17. Be3 Nxd5 18. Rxd5 Nf6 19. Rd2 Qc7 20. f3 Rfd8 1-0

[Event "South America-ch U14 Girls 17th"]
[Site "Guayaquil"]
[Date "2022.01.29"]
[Round "7"]
[White "Jurado Grefa, Heidy Eliana"]
[Black "Soliz Flores, Luz Neyda"]
[Result "1-0"]
[WhiteElo "1333"]
[BlackElo "1278"]
[PlyCount "85"]
[EventDate "2022.01.25"]
[EventType "swiss"]
[EventRounds "9"]
[EventCountry "ECU"]
[SourceTitle "CBM 206 Extra"]
[Source "ChessBase"]
[SourceDate "2022.03.31"]
[SourceVersion "1"]
[SourceVersionDate "2022.03.31"]
[SourceQuality "1"]

1. e4 c5 2. Nf3 Nc6 3. d4 cxd4 4. Nxd4 d6 5. Nc3 Nf6 6. Be2 g6 7. Be3 Bg7 8. 0-0 0-0 9. Nb3 a6 10. Kh1 b5 11. f4 Qc7 12. Bf3 Bb7 13. Qd2 Rac8 14. Qf2 e6 15. Rad1 Rfe8 16. Rd2 Ne7 17. Bb6 Qb8 18. Ba7 Qc7 19. a3 d5 20. e5 Nd7 21. Be2 Nf5 22. Bd3 Ne7 23. Bxb5 Nf5 24. Bd3 Ne7 25. Be3 Bf8 26. Na4 Rb8 27. Nac5 Nxc5 28. Nxc5 Ra8 29. Nxb7 Qxb7 30. Bd4 Nc6 31. Bc3 Rec8 32. h4 Na7 33. Qg3 Bxa3 34. f5 exf5 35. Bxf5 Bxb2 36. Bxc8 Rxc8 37. Bxb2 Qxb2 38. Qf2 Qb7 39. Rfd1 Qe7 40. Rxd5 Nb5 41. Rd7 Qxe5 42. Qxf7+ Kh8 43. Qxh7# 1-0

[Event "South America-ch U14 Girls 17th"]
[Site "Guayaquil"]
[Date "2022.01.26"]
[Round "3"]
[White "Gareca Ordonez, Laura"]
[Black "Jurado Grefa, Heidy Eliana"]
[Result "1/2-1/2"]
[WhiteElo "1197"]
[BlackElo "1333"]
[PlyCount "67"]
[EventDate "2022.01.25"]
[EventType "swiss"]
[EventRounds "9"]
[EventCountry "ECU"]
[SourceTitle "CBM 206 Extra"]
[Source "ChessBase"]
[SourceDate "2022.03.31"]
[SourceVersion "1"]
[SourceVersionDate "2022.03.31"]
[SourceQuality "1"]

1. d4 Nf6 2. Bf4 g6 3. e3 Bg7 4. Bd3 d6 5. Nd2 0-0 6. Ngf3 Nbd7 7. c3 c5 8. 0-0 a6 9. h3 b5 10. Re1 Bb7 11. e4 Nh5 12. Bh2 e5 13. d5 Nf4 14. Bc2 c4 15. Bxf4 exf4 16. Nd4 Qb6 17. N2f3 Rfe8 18. Qd2 Re7 19. Qxf4 Rae8 20. Rad1 Nc5 21. Nc6 Bxc6 22. dxc6 Be5 23. Nxe5 dxe5 24. Qe3 Qxc6 25. Rd5 Nb7 26. Red1 Rc8 27. Qg3 Qc7 28. Qg4 h5 29. Qf3 Rd8 30. Qf6 Rxd5 31. exd5 Qd6 32. Qxd6 Nxd6 33. a4 Kg7 34. b3 1/2-1/2

[Event "Pan American-ch School U13 Girls"]
[Site "Medellin"]
[Date "2019.11.16"]
[Round "8"]
[White "Jurado Grefa, Heidy Eliana"]
[Black "Acosta Camarillo, Ana Isabella"]
[Result "1-0"]
[WhiteElo "1216"]
[BlackElo "1398"]
[PlyCount "61"]
[EventDate "2019.11.12"]
[EventType "swiss"]
[EventRounds "9"]
[EventCountry "COL"]
[SourceTitle "CBM 193 Extra"]
[Source "ChessBase"]
[SourceDate "2020.01.31"]
[SourceVersion "1"]
[SourceVersionDate "2020.01.31"]
[SourceQuality "1"]

1. e4 e5 2. Nf3 Nc6 3. Bb5 Qf6 4. 0-0 Bc5 5. Nc3 Nge7 6. Re1 a6 7. Ba4 b5 8. Bb3 d6 9. Nd5 Nxd5 10. Bxd5 Bb7 11. d3 h6 12. c3 0-0 13. b4 Bb6 14. a4 Rab8 15. Bb2 Ne7 16. Bxb7 Rxb7 17. d4 Ng6 18. Qd2 Re8 19. axb5 axb5 20. Bc1 Rbb8 21. Qb2 Nf4 22. Bxf4 Qxf4 23. dxe5 dxe5 24. Qe2 Re6 25. g3 Qf6 26. Kg2 c6 27. Ra6 Rd6 28. Rea1 Rbd8 29. R1a2 Bc7 30. c4 Bb6 31. Rxb6 1-0

[Event "Pan American-ch U12 Girls"]
[Site "Guayaquil"]
[Date "2019.07.24"]
[Round "5"]
[White "Soto Huaranca, Adriana"]
[Black "Jurado Grefa, Heidy Eliana"]
[Result "1-0"]
[WhiteElo "1545"]
[BlackElo "1075"]
[PlyCount "51"]
[EventDate "2019.07.21"]
[EventType "swiss"]
[EventRounds "9"]
[EventCountry "ECU"]
[SourceTitle "EXT 2020"]
[Source "ChessBase"]
[SourceDate "2019.10.17"]
[SourceVersion "1"]
[SourceVersionDate "2019.10.17"]
[SourceQuality "1"]

1. d4 Nf6 2. c4 g6 3. Nc3 Bg7 4. e4 d6 5. f3 0-0 6. Bg5 e5 7. dxe5 dxe5 8. Qxd8 Rxd8 9. Nd5 Nbd7 10. Rd1 Rf8 11. Nxc7 Rb8 12. Bd2 Nc5 13. Be3 b6 14. b4 Ne6 15. Nd5 Nd7 16. Ne7+ Kh8 17. Nxc8 Rb7 18. Nd6 Rc7 19. Ne2 Kg8 20. Nc3 Nf6 21. Nd5 Nxd5 22. exd5 Nf4 23. g3 Nh5 24. c5 bxc5 25. bxc5 e4 26. Nb5 1-0

[Event "Pan American-ch U12 Girls"]
[Site "Guayaquil"]
[Date "2019.07.22"]
[Round "2"]
[White "Jurado Grefa, Heidy Eliana"]
[Black "Gupta, Sara"]
[Result "1/2-1/2"]
[WhiteElo "1075"]
[BlackElo "1671"]
[PlyCount "54"]
[EventDate "2019.07.21"]
[EventType "swiss"]
[EventRounds "9"]
[EventCountry "ECU"]
[SourceTitle "EXT 2020"]
[Source "ChessBase"]
[SourceDate "2019.10.17"]
[SourceVersion "1"]
[SourceVersionDate "2019.10.17"]
[SourceQuality "1"]

1. e4 c5 2. Nf3 d6 3. d4 cxd4 4. Nxd4 Nf6 5. Nc3 g6 6. Be2 Bg7 7. Be3 0-0 8. 0-0 Nc6 9. Nb3 Be6 10. Kh1 Qd7 11. f4 Ng4 12. Bg1 a6 13. a3 b5 14. Bf3 Rab8 15. Qd2 a5 16. h3 b4 17. axb4 axb4 18. Na4 Nf6 19. Nd4 Nxd4 20. Bxd4 Qb5 21. e5 dxe5 22. Bxe5 Rfd8 23. Qf2 Rbc8 24. Nb6 Rc5 25. Na4 Rcc8 26. Nb6 Rc5 27. Na4 Rcc8 1/2-1/2